この英語はどの12星座? - Statistics

General Stats
  • This quiz has been taken 62 times
  • The average score is 8 of 12
Answer Stats
Hint Answer % Correct
Leo 獅子座
92%
Aquarius 水瓶座
88%
Scorpio 蠍座
88%
Cancer 蟹座
78%
Taurus 牡牛座
68%
Gemini 双子座
68%
Libra 天秤座
66%
Virgo 乙女座
64%
Capricorn 山羊座
58%
Sagittarius 射手座
52%
Pisces 魚座
46%
Aries 牡羊座
36%
No matching quizzes found
Score Distribution
Percent of People with Each Score
Percentile by Number Answered
Your Score History
You have not taken this quiz